| 000 | 00350nam a22001457a 4500 | ||
|---|---|---|---|
| 003 | OSt | ||
| 005 | 20160727222344.0 | ||
| 008 | 160621b xxu||||| |||| 00| 0 eng d | ||
| 040 | _cTEST | ||
| 100 |
_9196 _aChamber's, A |
||
| 245 |
_aFlyers and flying _bFlyers and flying |
||
| 260 |
_aEn & Penguin _c1976 |
||
| 300 | _aFlyers and flying | ||
| 942 |
_2ddc _cBK |
||
| 999 |
_c155 _d155 |
||